[Event "Aegean op 36th"]
[Site "Aghios Kirykos"]
[Date "2013.07.17"]
[Round "6"]
[White "Anagnou, Konstantinos"]
[Black "Danchenko, Dimitrios"]
[Result "1-0"]
[WhiteElo "2118"]
[BlackElo "2023"]
[PlyCount "43"]
[EventDate "2013.07.15"]
[EventType "swiss"]
[EventRounds "9"]
[EventCountry "GRE"]
[SourceTitle "EXT 2014"]
[Source "ChessBase"]
[SourceDate "2013.11.20"]
[SourceVersion "1"]
[SourceVersionDate "2013.11.20"]
[SourceQuality "1"]

1. e4 c6 2. d4 d5 3. Nc3 dxe4 4. Nxe4 Nd7 5. c4 Ngf6 6. Nc3 e6 7. Nf3 Bd6 8. Bd3 b6 9. 0-0 Bb7 10. Qe2 Qc7 11. Bg5 Bf4 12. Rfe1 Kf8 13. Rad1 Re8 14. Bxf4 Qxf4 15. Ne5 Qxd4 16. Nxf7 Qh4 17. Nxh8 c5 18. Ne4 Ne5 19. Nxf6 gxf6 20. Be4 Ng4 21. h3 Bxe4 22. Qxg4 1-0

[Event "Aegean op 36th"]
[Site "Aghios Kirykos"]
[Date "2013.07.15"]
[Round "3"]
[White "Danchenko, Dimitrios"]
[Black "Nester, Ihor"]
[Result "1-0"]
[WhiteElo "2023"]
[BlackElo "2307"]
[PlyCount "59"]
[EventDate "2013.07.15"]
[EventType "swiss"]
[EventRounds "9"]
[EventCountry "GRE"]
[SourceTitle "EXT 2014"]
[Source "ChessBase"]
[SourceDate "2013.11.20"]
[SourceVersion "1"]
[SourceVersionDate "2013.11.20"]
[SourceQuality "1"]

1. e4 e5 2. Nf3 Nc6 3. Bc4 Bc5 4. d3 Nf6 5. 0-0 d6 6. h3 h6 7. Be3 Bxe3 8. fxe3 0-0 9. Qe1 d5 10. Bb5 dxe4 11. Bxc6 exf3 12. Bxf3 c6 13. Qg3 Re8 14. Nd2 Qb6 15. Nc4 Qc5 16. b4 Qe7 17. Rf2 e4 18. Bxe4 Nxe4 19. dxe4 Qxe4 20. Rxf7 g5 21. Qc7 Be6 22. Rg7+ Kh8 23. Nd6 Qxe3+ 24. Kh1 Qc3 25. Rh7+ Kg8 26. Rd1 Rf8 27. Ne4 Qb2 28. c3 Rf7 29. Nf6+ Kf8 30. Qd6+ 1-0

[Event "Aegean op 29th"]
[Site "Aghios Kirykos"]
[Date "2006.07.16"]
[Round "6"]
[White "Danchenko, Dimitrios"]
[Black "Eleftheriou, David"]
[Result "1-0"]
[WhiteElo "2026"]
[BlackElo "1888"]
[PlyCount "67"]
[EventDate "2006.07.12"]
[EventType "swiss"]
[EventRounds "9"]
[EventCountry "GRE"]
[SourceTitle "CBM 113 Extra"]
[Source "ChessBase"]
[SourceDate "2006.09.14"]
[SourceVersion "1"]
[SourceVersionDate "2006.09.14"]
[SourceQuality "1"]

1. e4 e5 2. Bc4 Nc6 3. d3 Bc5 4. Nf3 Nf6 5. 0-0 d6 6. Be3 Bb6 7. Bxb6 axb6 8. h3 Na5 9. Nbd2 Nxc4 10. Nxc4 0-0 11. Ne3 Re8 12. Nh2 d5 13. exd5 Nxd5 14. Nxd5 Qxd5 15. Re1 Rxa2 16. Rxa2 Qxa2 17. b3 Qb2 18. Nf3 Bd7 19. Ng5 h6 20. Ne4 Ra8 21. Kh2 Ra2 22. Qh5 f5 23. Nf6+ gxf6 24. Qg6+ Kh8 25. Qxh6+ Kg8 26. Qg6+ Kh8 27. Qxf6+ Kh7 28. Rxe5 Be8 29. Qe7+ Kg8 30. Qxe8+ Kg7 31. Re7+ Kf6 32. Qf8+ Kg5 33. h4+ Kh5 34. Qxf5+ 1-0

[Event "Nikaia op 13th"]
[Site "Nikaia"]
[Date "2005.08.26"]
[Round "5"]
[White "Mihailidis, Anastasios"]
[Black "Danchenko, Dimitrios"]
[Result "1-0"]
[WhiteElo "2250"]
[BlackElo "2032"]
[PlyCount "91"]
[EventDate "2005.08.23"]
[EventType "swiss"]
[EventRounds "9"]
[EventCountry "GRE"]
[SourceTitle "CBM 108 Extra"]
[Source "ChessBase"]
[SourceDate "2005.11.04"]
[SourceVersion "1"]
[SourceVersionDate "2005.11.04"]
[SourceQuality "1"]

1. e4 c6 2. d4 d5 3. e5 Bf5 4. Be3 e6 5. Nd2 Qb6 6. Nb3 Nd7 7. Be2 a5 8. a4 Bb4+ 9. c3 Be7 10. Nf3 f6 11. 0-0 fxe5 12. dxe5 Qc7 13. Nbd4 Nxe5 14. Nxe5 Qxe5 15. Qb3 Qc7 16. Nxf5 exf5 17. Bd3 Nf6 18. Bxf5 0-0 19. c4 Kh8 20. Be6 Qd6 21. cxd5 cxd5 22. Bh3 Qe5 23. Rad1 Bd6 24. g3 Qh5 25. Bg2 Rae8 26. Bd4 Ng4 27. h3 Nf6 28. Qxb7 Re7 29. Qc6 Re6 30. Bc5 Qe5 31. Bxd6 Rxd6 32. Qc5 Rfd8 33. Rfe1 Qxb2 34. Qxa5 d4 35. Rd2 Qb3 36. Red1 Qe6 37. Qb4 Qe5 38. Qb5 Qe7 39. a5 Qa7 40. Rd3 Nd7 41. a6 Nc5 42. Rxd4 Ne4 43. Rxd6 Qxf2+ 44. Kh1 Nxg3+ 45. Kh2 Rf8 46. Rd8 1-0

[Event "Aegean op 28th"]
[Site "Aghios Kirykos"]
[Date "2005.07.13"]
[Round "2"]
[White "Danchenko, Dimitrios"]
[Black "Svetushkin, Dmitry"]
[Result "0-1"]
[WhiteElo "2032"]
[BlackElo "2514"]
[PlyCount "70"]
[EventDate "2005.07.12"]
[EventType "swiss"]
[EventRounds "9"]
[EventCountry "GRE"]
[SourceTitle "CBM 107 Extra"]
[Source "ChessBase"]
[SourceDate "2005.09.01"]
[SourceVersion "1"]
[SourceVersionDate "2005.09.01"]
[SourceQuality "1"]

1. e4 g6 2. d4 Bg7 3. Nc3 c6 4. Be3 Qb6 5. Rb1 d6 6. Bc4 Qc7 7. Nge2 Nf6 8. f3 b5 9. Bb3 Bb7 10. 0-0 Nbd7 11. d5 a6 12. dxc6 Bxc6 13. Nf4 Qb7 14. Ncd5 e5 15. Nxf6+ Nxf6 16. Nd3 a5 17. c4 a4 18. cxb5 Bxb5 19. Bc2 0-0 20. Rf2 Rfd8 21. Rd2 Rd7 22. Nb4 Qb8 23. Bd3 Bxd3 24. Nxd3 Rd8 25. b4 d5 26. Nc5 d4 27. Bg5 h6 28. Bxf6 Bxf6 29. a3 Bg5 30. Rd3 Qb5 31. Qc2 Rdc8 32. g3 Rab8 33. Rf1 Be7 34. Qxa4 Rxc5 35. Qxb5 Rcxb5 0-1

[Event "Aghias Paraskevis op 3rd"]
[Site "Greece"]
[Date "2003.09.09"]
[Round "6"]
[White "Danchenko, Dimitrios"]
[Black "Rizos, Georgios"]
[Result "1/2-1/2"]
[WhiteElo "2008"]
[BlackElo "2092"]
[PlyCount "126"]
[EventDate "2003.09.??"]
[EventType "swiss"]
[EventRounds "7"]
[EventCountry "GRE"]
[SourceTitle "EXT 2006"]
[Source "ChessBase"]
[SourceDate "2005.11.24"]
[SourceVersion "1"]
[SourceVersionDate "2005.11.24"]
[SourceQuality "1"]

1. e4 c5 2. Nc3 Nc6 3. g3 g6 4. Bg2 Bg7 5. d3 d6 6. Be3 b6 7. Qd2 Bb7 8. Nge2 Qd7 9. h3 0-0-0 10. Nc1 f5 11. exf5 Nd4 12. Bxd4 cxd4 13. Nd5 e6 14. Nf4 g5 15. fxe6 Qe7 16. Bxb7+ Qxb7 17. 0-0 gxf4 18. Qxf4 Ne7 19. Nb3 Ng6 20. Qg4 Ne5 21. Qe4 Qxe4 22. dxe4 Nf3+ 23. Kg2 Rdf8 24. Rad1 Rhg8 25. Rd3 Ng5 26. Nxd4 Nxe4 27. Nb5 Be5 28. e7 Rf7 29. f4 a6 30. fxe5 Rxf1 31. Na7+ Kd7 32. Kxf1 Nxg3+ 33. Ke1 Nf5 34. exd6 Ra8 35. e8Q+ Rxe8+ 36. Kd2 Ra8 37. Rd5 Nxd6 38. Rh5 Rh8 39. Rh6 Kc7 40. a4 Rd8 41. Rxh7+ Nf7+ 42. Kc3 Rd7 43. Rh5 Kb7 44. Nb5 axb5 45. Rxb5 Nd6 46. Rh5 Ne4+ 47. Kb3 Nd2+ 48. Kb4 Rc7 49. c3 Ka6 50. b3 Ne4 51. c4 Nc5 52. Rh6 Ka7 53. h4 Rg7 54. a5 bxa5+ 55. Kxc5 Rb7 56. Kd4 Rxb3 57. Rh5 Ka6 58. Rb5 Rh3 59. Kc5 Rxh4 60. Rb6+ Ka7 61. Kb5 Rh1 62. Rf6 Rb1+ 63. Kxa5 Kb7 1/2-1/2

[Event "Athens Acropolis op"]
[Site "Athens"]
[Date "2003.08.25"]
[Round "1"]
[White "Danchenko, Dimitrios"]
[Black "Sigalas, Frangiskos"]
[Result "0-1"]
[WhiteElo "2008"]
[BlackElo "2182"]
[PlyCount "68"]
[EventDate "2003.08.25"]
[EventType "swiss"]
[EventRounds "9"]
[EventCountry "GRE"]
[SourceTitle "EXT 2004"]
[Source "ChessBase"]
[SourceDate "2003.11.25"]
[SourceVersion "1"]
[SourceVersionDate "2003.11.25"]
[SourceQuality "1"]

1. e4 e6 2. d4 d5 3. exd5 exd5 4. Bd3 Nc6 5. c3 Bd6 6. Nf3 Bg4 7. 0-0 Nge7 8. Nbd2 Qd7 9. b4 0-0 10. Qc2 Bf5 11. Re1 Bxd3 12. Qxd3 Ng6 13. Nf1 Nce7 14. Ne5 Qf5 15. Qxf5 Nxf5 16. Nxg6 hxg6 17. Ng3 Rfe8 18. Bd2 Nxg3 19. hxg3 f6 20. Rxe8+ Rxe8 21. Re1 Kf7 22. Rxe8 Kxe8 23. Bf4 Kd7 24. Bxd6 Kxd6 25. Kf1 Kc6 26. a4 Kb6 27. Ke2 a5 28. b5 c6 29. bxc6 Kxc6 30. Kd3 b5 31. axb5+ Kxb5 32. c4+ dxc4+ 33. Kc3 a4 34. d5 a3 0-1

[Event "Nikaia op 11th"]
[Site "Nikaia"]
[Date "2003.08.22"]
[Round "7"]
[White "Skiadopoulos, Nikolaos"]
[Black "Danchenko, Dimitrios"]
[Result "1-0"]
[WhiteElo "2225"]
[BlackElo "2008"]
[PlyCount "55"]
[EventDate "2003.08.17"]
[EventType "swiss"]
[EventRounds "9"]
[EventCountry "GRE"]
[SourceTitle "EXT 2005"]
[Source "ChessBase"]
[SourceDate "2004.11.15"]
[SourceVersion "1"]
[SourceVersionDate "2004.11.15"]
[SourceQuality "1"]

1. e4 c6 2. d4 d5 3. e5 Bf5 4. Nc3 e6 5. g4 Bg6 6. Nge2 c5 7. h4 h6 8. h5 Bh7 9. Be3 Nc6 10. f4 c4 11. Qd2 Qa5 12. Bg2 Nb4 13. Rc1 Qd8 14. a3 Nc6 15. Bf2 Nge7 16. Bg3 Qb6 17. Rb1 Na5 18. 0-0 Nec6 19. Bxd5 Nxd4 20. Nxd4 Bc5 21. Bf2 exd5 22. Na4 Qc7 23. Nxc5 Qxc5 24. Nf5 Qc7 25. Nd6+ Kf8 26. Qxd5 Bxc2 27. Rbc1 Bd3 28. Qxd3 1-0

[Event "Nikaia op 10th"]
[Site "Nikaia"]
[Date "2002.08.20"]
[Round "2"]
[White "Pinchuk, Sergey T"]
[Black "Danchenko, Dimitrios"]
[Result "1-0"]
[WhiteElo "2425"]
[BlackElo "2010"]
[PlyCount "25"]
[EventDate "2002.08.19"]
[EventType "swiss"]
[EventRounds "9"]
[EventCountry "GRE"]
[SourceTitle "CBM 089 Extra"]
[Source "ChessBase"]
[SourceDate "2002.09.10"]
[SourceVersion "2"]
[SourceVersionDate "2002.09.10"]
[SourceQuality "1"]

1. Nf3 d5 2. c4 c6 3. d4 Nf6 4. Nc3 Bf5 5. cxd5 cxd5 6. Qb3 b6 7. Bg5 e6 8. e4 dxe4 9. Bb5+ Ke7 10. Nh4 Nbd7 11. Nxf5+ exf5 12. Qd5 h6 13. Bxf6+ 1-0